الوجود بين السببية والنظام : (رقم التسجيلة. 132551)

تفاصيل مارك
000 -الفاتح
عناصر البيانات ثابتة الطول 00828cam a2200205 i 4500
005 - تاريخ ووقت آخر معاملة
حقل ضبط 20251112114717.0
008 - عناصر البيانات ثابتة الطول
عناصر البيانات ثابتة الطول 250721s2009 le gr 000 0 ara d
020 ## - الترقيم الدولي المعياري للكتب (ردمك)
الترقيم الدولي المعياري للكتب (ردمك) 1565643321
082 14 - رقم تصنيف ديوي العشري
رقم التصنيف 189
رقم المادة ب ل ك
100 1# - مدخل رئيسي – اسم شخصي
الاسم الشخصي بلكا، إلياس
علاقة الشخص بالعمل/ دوره مؤلف.
245 12 - بيان العنوان
العنوان الوجود بين السببية والنظام :
بقية العنوان دراسة في الاساس الشرعي والفلسفي لاستشراف المستقبل /
بيان المسؤولية إلياس بلكا.
250 ## - بيان الطبعة
بيان الطبعة الطبعة الأولى.
264 31 - بيانات النشر، التوزيع…إلخ
مكان النشر، التوزيع...إلخ الولايات المتحدة الامريكية :
اسم الناشر، الموزع...إلخ المعهد العالمي للفكر الاسلامي،
تاريخ النشر، التوزيع...إلخ 2009.
300 ## - الوصف المادي
عدد الوحدات المكونة للوعاء 357 صفحة.
650 17 - مدخل إضافي بالموضوع - مصطلح موضوعي
مصطلح موضوعي أو اسم جغرافي كعنصر مدخل الفلسفة الاسلامية.
650 17 - مدخل إضافي بالموضوع - مصطلح موضوعي
مصطلح موضوعي أو اسم جغرافي كعنصر مدخل الوجودية.
650 17 - مدخل إضافي بالموضوع - مصطلح موضوعي
مصطلح موضوعي أو اسم جغرافي كعنصر مدخل الفلسفة.
942 ## - بيانات إضافية (كوها)
نوع التنصيف Dewey Decimal Classification
نوع المادة (كوها) كتب
المقتنيات
حالة السحب حالة الفقدان مصدر التصنيف حالة التلف غير قابل للإعارة المكتبة الرئيسية المكتبة الحالية موقع الرف تاريخ التزويد الرقم المتسلسل Total Checkouts رقم الإستدعاء الباركود تاريخ آخر ظهور تاريخ الفاتورة نوع المادة (كوها)
    Dewey Decimal Classification     المكتبة المركزية المكتبة المركزية الإعارة 28/07/2025 1614229   189 / ب ل ك PLD00353411 28/07/2025 28/07/2025 كتب
    Dewey Decimal Classification     مكتبة الاميرة بديعة مكتبة الاميرة بديعة الإعارة 09/12/2015 1614231   189/بلك PLD00367872 28/07/2025 09/12/2015 كتب
    Dewey Decimal Classification     مكتبة الحسن العامة مكتبة الحسن العامة الإعارة 09/12/2015 1614230   189/بلك PLD00367871 28/07/2025 09/12/2015 كتب
Implemented & Customized by: BBB with SCIT (Smart Chains for Information Technology)

Powered by Koha